Eight-Nation Alliance - Statistics

General Stats
  • This quiz has been taken 49 times
  • The average score is 7 of 8
Answer Stats
Troops involved Nation % Correct
12,020 British Empire
98%
20,840 Empire of Japan
95%
3,520 France
95%
900 (15,000 sent after end of rebellion) German Empire
95%
3,420 United States
93%
13,150 Russian Empire
90%
2,580 Italy
85%
296 Austria-Hungary
63%
No matching quizzes found
Score Distribution
Percent of People with Each Score
Percentile by Number Answered
Your Score History
You have not taken this quiz